000 00773nam a22002177a 4500
999 _c20566
_d20566
003 AR-CdUCM
008 190305b ||||| |||| 00| 0 spa d
040 _aMUNICIPALIDAD PROVINCIAL DEL CUSCO
_cBIBLIOTECA MUNICIPAL DEL CUSCO
082 _a848.9 /
_bM29
100 _aMaurois, André
_97641
245 _aEduardo VII y su tiempo /
260 _aChile :
_bCultura,
_c1934.
300 _a296 paginas ;
_c20 cm.
440 _aColección Hombre e ideas
_925925
505 _aContenido : Ultimo dias y muerte de la reina Victoria -- Los partidos y sus jefes -- Política interna del ministerio -- Política externa del gobierno...
650 _aNovelas dramáticas
_910448
650 _aBiografía
_922
650 _aLiteratura
_983
942 _2ddc
_cLIBROS
945 _arcc